|
|
|
|
| LEADER |
00000nam0a2200000 4500 |
| 001 |
72738 |
| 005 |
20231101212649.0 |
| 035 |
|
|
|a (RuTPU)RU\TPU\book\77566
|
| 090 |
|
|
|a 72738
|
| 100 |
|
|
|a 20050131d1981 km y0rusy50 ca
|
| 101 |
0 |
|
|a rus
|
| 102 |
|
|
|a RU
|
| 105 |
|
|
|a a g 000zy
|
| 200 |
1 |
|
|a Краткий справочник доменщика
|f Е. Ф. Вегман
|
| 210 |
|
|
|a Москва
|c Металлургия
|d 1981
|
| 215 |
|
|
|a 238 с.
|c ил.
|
| 606 |
1 |
|
|a Доменное производство
|x Технико-экономические показатели
|2 stltpush
|3 (RuTPU)RU\TPU\subj\9907
|9 37059
|
| 610 |
1 |
|
|a газообразное топливо
|
| 610 |
1 |
|
|a жидкое топливо
|
| 610 |
1 |
|
|a кокс
|
| 610 |
1 |
|
|a уголь
|
| 610 |
1 |
|
|a руды
|
| 610 |
1 |
|
|a обогащение
|
| 610 |
1 |
|
|a агломерат
|
| 610 |
1 |
|
|a окатыши
|
| 610 |
1 |
|
|a чугун
|
| 610 |
1 |
|
|a производство
|
| 610 |
1 |
|
|a справочники
|
| 675 |
|
|
|a 669.162.27(035)
|v 3
|
| 700 |
|
1 |
|a Вегман
|b Е. Ф.
|g Евгений Феликсович
|
| 801 |
|
1 |
|a RU
|b 63413507
|c 20050131
|g PSBO
|
| 801 |
|
2 |
|a RU
|b 63413507
|c 20211028
|g PSBO
|
| 942 |
|
|
|c BK
|